[Event "Stay Safe Play From Home 341"]
[Site "Emanuel Lasker Arena"]
[Date "2020.07.29"]
[Round "8"]
[White "Lazieri3"]
[Black "Knightofficer"]
[Result "1-0"]
[WhiteElo "2052"]
[BlackElo "2229"]
[Annotator "TA"]
[PlyCount "129"]
[EventDate "2020.07.29"]
[EventType "swiss (blitz)"]

{[%evp 13,129,34,29,11,61,0,95,43,46,4,8,5,79,-3,0,0,0,-6,0,0,0,0,0,0,0,0,9,8,10,0,0,0,5,0,14,0,12,0,0,0,25,0,14,8,46,8,18,0,13,18,20,0,0,0,8,0,8,8,27,0,8,8,8,8,8,8,8,13,176,8,8,0,0,0,0,0,0,-8,-8,-8,-8,-8,0,-8,0,0,0,0,0,0,0,0,0,0,0,0,0,0,0,0,0,0,0,0,0,0,0,0,0,0,0,0,0,0,0,0,0,0]} 1. e4 e6 2. Nc3 d5 3. Nf3 dxe4 4. Nxe4 Nd7 5. d4 Ngf6 6. Nxf6+ Nxf6 7. c3 c5 8. Be3 $1 {[%mdl 4] outshines the older 8.Ne5. Played by Jan Krzysztof Duda in March 2020. C10: French with 3 Nc3: Unusual Black 3rd moves and 3...dxe4.} cxd4 9. Nxd4 {[#]} (9. Bxd4 $14 Bd7 10. Qb3) 9... b6 $146 {[#]} (9... Nd5 $11) ({Predecessor:} 9... a6 10. Be2 Nd5 11. Bd2 Bc5 12. Nb3 Bd6 13. Bf3 b5 14. Bxd5 exd5 {1-0 (61) Tryggestad,A (2104)-Solberg,J (2219) Oslo 2016}) 10. Bb5+ (10. Qf3 $1 $16 {[%cal Rf3a8]} Qd5 11. Bb5+ Bd7 12. Bxd7+ Kxd7 13. Rd1 Qxf3 14. Nxf3+ Ke8 15. O-O) 10... Bd7 $14 11. Bxd7+ Qxd7 12. Qf3 Rd8 (12... Qd5 $11 {remains equal.}) 13. Qc6 (13. O-O-O $16 Rc8 14. Bg5) 13... Bc5 14. Qxd7+ Rxd7 15. O-O-O O-O 16. Nc2 Bxe3+ 17. Nxe3 Rfd8 18. Rxd7 Rxd7 19. Rd1 Rxd1+ (19... Kf8 {is more complex.} 20. Rxd7 Nxd7 21. Kc2 Ke7 22. Kd3 g5) 20. Kxd1 $11 {[%mdl 4096] Endgame KN-KN} Kf8 21. f3 Ke7 22. Kd2 Kd6 23. Kd3 b5 24. Kd4 e5+ 25. Kd3 g6 26. c4 bxc4+ 27. Nxc4+ Kd5 28. b4 Nh5 29. g3 Ng7 30. a4 Ne6 31. Ne3+ Kd6 32. Nc4+ Kd5 33. Ne3+ Kc6 34. Nc4 f6 35. Nd2 Nc7 36. Ne4 f5 37. Ng5 Nd5 $1 38. b5+ Kc5 39. Nxh7 {Hoping for Nf8.} Kb4 40. Nf8 Ne7 $2 (40... g5 $11) 41. g4 $2 ({White should try} 41. Nd7 $18) 41... Kxa4 {The position is equal.} 42. gxf5 gxf5 43. h4 Kxb5 44. h5 {And now h6 would win.} Ng8 45. Ng6 {[#]} e4+ $1 {[%mdl 512]} 46. fxe4 fxe4+ 47. Kxe4 a5 48. Ne5 Kb4 49. Nc6+ Kb5 50. Nxa5 Kxa5 {KN-KP} 51. Kf5 Nh6+ 52. Kg6 Ng4 53. Kg5 Ne5 54. Kf5 Nf7 55. Kg6 Ne5+ 56. Kg7 {h6 is the strong threat.} Ng4 57. Kg6 Ne5+ 58. Kg5 Nf7+ 59. Kf4 Nh6 60. Ke4 Ng8 61. Ke5 Nh6 62. Kf6 Ng8+ 63. Kg7 Ne7 64. h6 Nf5+ 65. Kg6 {[%mdl 32768] Accuracy: White = 80%, Black = 83%. . Sensor Board Error (Ke4/e5)?} 1-0

[Event "Stay Safe Play From Home 341"]
[Site "Emanuel Lasker Arena"]
[Date "2020.07.29"]
[Round "8"]
[White "Stefanone"]
[Black "AChessPlayer"]
[Result "0-1"]
[WhiteElo "2043"]
[BlackElo "2401"]
[Annotator "TA"]
[PlyCount "62"]
[EventDate "2020.07.29"]
[EventType "swiss (blitz)"]

{[%evp 15,62,14,29,27,25,0,5,0,0,-19,-12,-43,-28,-40,-38,-175,-154,-185,-154,-178,-182,-182,-170,-244,-243,-308,-301,-356,-360,-354,-354,-438,-430,-439,-423,-439,-432,-418,-420,-527,-527,-588,-588,-585,-583,-572,-507,-562,-514]} 1. d4 Nf6 2. e3 g6 3. Nf3 Bg7 4. b3 d6 5. Bb2 O-O 6. Be2 Nbd7 7. O-O Re8 8. c4 e5 9. dxe5 {9.dxe5 is better than 9.Nc3. E60: King's Indian: Unusual lines and Fianchetto Variation without Nc3.} Ng4 10. Nbd2 Ngxe5 11. Nxe5 {The position is equal.} Nxe5 {[#]} 12. Kh1 $146 ({Predecessor:} 12. Qc1 Qe7 13. Nf3 Bg4 14. Nxe5 Bxe2 15. Re1 Bxe5 {½-½ (15) Pihlajasalo,H (2225)-Lehtinen,H (2190) Tampere 1998}) 12... Qh4 13. g3 Qh3 14. Bxe5 Bxe5 15. Nf3 (15. Rc1 $15) 15... Bxa1 $19 16. Qxa1 Bg4 17. Ng5 Qh5 $1 18. Qf6 Rf8 ({Weaker is} 18... Bxe2 19. Qxf7+ Kh8 20. Qf6+ Kg8 21. Qf7+ Kh8 22. Qf6+ Kg8 23. Qf7+ $11) 19. f3 (19. Bxg4 $142 Qxg4 20. Kg2) 19... Bd7 20. g4 Qh6 21. f4 Qg7 22. Qxg7+ Kxg7 23. f5 f6 24. Ne6+ Bxe6 $1 25. fxe6 {[%mdl 4096] Endgame KRR-KRB} Rae8 26. Bf3 Rxe6 27. Bxb7 Rxe3 {Black is clearly winning.} 28. Bd5 Rfe8 29. Rf2 Re1+ 30. Kg2 R1e2 31. Kg3 Rxf2 {Black took control after the opening. Accuracy: White = 42%, Black = 92%.} 0-1

[Event "Stay Safe Play From Home 341"]
[Site "Emanuel Lasker Arena"]
[Date "2020.07.29"]
[Round "8"]
[White "M100"]
[Black "SoulofWolf"]
[Result "0-1"]
[WhiteElo "1844"]
[BlackElo "2072"]
[Annotator "NA"]
[PlyCount "78"]
[EventDate "2020.07.29"]
[EventType "swiss (blitz)"]

1. g3 {[%emt 0:00:02]} d5 {[%emt 0:00:00]} 2. Bg2 {[%emt 0:00:01]} Nf6 {[%emt 0:00:00]} 3. d3 {[%emt 0:00:01]} g6 {[%emt 0:00:00]} 4. Nc3 {[%emt 0:00:00]} Bg7 {[%emt 0:00:00]} 5. Bg5 {[%emt 0:00:01]} c6 {[%emt 0:00:01]} 6. Qd2 {[%emt 0:00:01]} h6 {[%emt 0:00:01]} 7. Be3 {[%emt 0:00:01]} g5 {[%emt 0:00:01]} 8. d4 {[%emt 0:00:01]} Nbd7 {[%emt 0:00:03]} 9. h4 {[%emt 0:00:01]} g4 {[%emt 0:00:01]} 10. f3 {[%emt 0:00:01]} h5 {[%emt 0:00:02]} 11. fxg4 {[%emt 0:00:02]} Nxg4 {[%emt 0:00:01]} 12. Bg5 {[%emt 0:00:00]} f6 {[%emt 0:00:01]} 13. Bf4 {[%emt 0:00:02]} e5 {[%emt 0:00:01]} 14. dxe5 {[%emt 0:00:01]} Ndxe5 {[%emt 0:00:01]} 15. Nf3 {[%emt 0:00:02]} O-O {[%emt 0:00:01]} 16. O-O {[%emt 0:00:03]} Qb6+ {[%emt 0:00:02]} 17. Kh1 {[%emt 0:00:02]} Nf2+ {[%emt 0:00:04]} 18. Rxf2 {[%emt 0:00:01]} Qxf2 {[%emt 0:00:01]} 19. Rf1 {[%emt 0:00:02]} Qb6 {[%emt 0:00:02]} 20. Bh6 {[%emt 0:00:01]} Ng4 {[%emt 0:00:03]} 21. Bxg7 {[%emt 0:00:02]} Kxg7 {[%emt 0:00:00]} 22. Qf4 {[%emt 0:00:03]} Qe3 {[%emt 0:00:05]} 23. Qc7+ {[%emt 0:00:03]} Rf7 {[%emt 0:00:01]} 24. Qd8 {[%emt 0:00:01]} Nf2+ {[%emt 0:00:06]} 25. Kh2 {[%emt 0:00:02]} Ng4+ {[%emt 0:00:00]} 26. Kh1 {[%emt 0:00:01]} b5 {[%emt 0:00:02]} 27. Nd1 {[%emt 0:00:02]} Qe6 {[%emt 0:00:03]} 28. Re1 {[%emt 0:00:02]} Bb7 {[%emt 0:00:01]} 29. Qa5 {[%emt 0:00:02]} Re8 {[%emt 0:00:01]} 30. e3 {[%emt 0:00:02]} a6 {[%emt 0:00:02]} 31. Qd2 {[%emt 0:00:03]} c5 {[%emt 0:00:01]} 32. Qd3 {[%emt 0:00:01]} c4 {[%emt 0:00:01]} 33. e4 {[%emt 0:00:01]} cxd3 {[%emt 0:00:01]} 34. exd5 {[%emt 0:00:00]} Qxd5 {[%emt 0:00:00]} 35. Rxe8 {[%emt 0:00:01]} Qd7 {[%emt 0:00:02]} 36. cxd3 {[%emt 0:00:01]} Qxe8 {[%emt 0:00:01]} 37. Nf2 {[%emt 0:00:01]} Bxf3 {[%emt 0:00:01]} 38. Kg1 {[%emt 0:00:00]} Qe1+ {[%emt 0:00:01]} 39. Bf1 {[%emt 0:00:03]} Qxf2# {[%emt 0:00:01] Mate} 0-1

[Event "Stay Safe Play From Home 341"]
[Site "Emanuel Lasker Arena"]
[Date "2020.07.29"]
[Round "8"]
[White "Trotsky"]
[Black "Mehdi1887"]
[Result "0-1"]
[WhiteElo "1499"]
[BlackElo "1471"]
[Annotator "NA"]
[PlyCount "70"]
[EventDate "2020.07.29"]
[EventType "swiss (blitz)"]

1. d4 {[%emt 0:00:01]} Nf6 {[%emt 0:00:01]} 2. e3 {[%emt 0:00:00]} d6 {[%emt 0:00:01]} 3. c4 {[%emt 0:00:01]} Nbd7 {[%emt 0:00:01]} 4. Nc3 {[%emt 0:00:01]} e5 {[%emt 0:00:01]} 5. Nf3 {[%emt 0:00:01]} Be7 {[%emt 0:00:01]} 6. Bd3 {[%emt 0:00:01]} O-O {[%emt 0:00:01]} 7. Qc2 {[%emt 0:00:01]} exd4 {[%emt 0:00:01]} 8. Ne4 {[%emt 0:00:03]} Ne5 {[%emt 0:00:02]} 9. Bd2 {[%emt 0:00:02]} Nxd3+ {[%emt 0:00:02]} 10. Qxd3 {[%emt 0:00:01]} d5 {[%emt 0:00:01]} 11. Neg5 {[%emt 0:00:01]} dxc4 {[%emt 0:00:04]} 12. Qxc4 {[%emt 0:00:03]} Be6 {[%emt 0:00:03]} 13. Qd3 {[%emt 0:00:02]} g6 {[%emt 0:00:03]} 14. h4 {[%emt 0:00:02]} Bf5 {[%emt 0:00:02]} 15. e4 {[%emt 0:00:02]} Bg4 {[%emt 0:00:03]} 16. h5 {[%emt 0:00:02]} Nxh5 {[%emt 0:00:04]} 17. Rxh5 {[%emt 0:00:08]} Bxh5 {[%emt 0:00:02]} 18. O-O-O {[%emt 0:00:04]} c5 {[%emt 0:00:03]} 19. Rh1 {[%emt 0:00:01]} Bxg5 {[%emt 0:00:03]} 20. g4 {[%emt 0:00:02]} Bxd2+ {[%emt 0:00:02]} 21. Kxd2 {[%emt 0:00:01]} Bxg4 {[%emt 0:00:01]} 22. e5 {[%emt 0:00:04]} Qd5 {[%emt 0:00:02]} 23. Rh4 {[%emt 0:00:02]} Qxf3 {[%emt 0:00:01]} 24. Qxf3 {[%emt 0:00:02]} Bxf3 {[%emt 0:00:01]} 25. Kd3 {[%emt 0:00:01]} Bd5 {[%emt 0:00:00]} 26. b3 {[%emt 0:00:02]} Rae8 {[%emt 0:00:01]} 27. f4 {[%emt 0:00:01]} f6 {[%emt 0:00:01]} 28. f5 {[%emt 0:00:02]} Be4+ {[%emt 0:00:01]} 29. Kc4 {[%emt 0:00:02]} Bd5+ {[%emt 0:00:01]} 30. Kb5 {[%emt 0:00:01]} a6+ {[%emt 0:00:02]} 31. Kxc5 {[%emt 0:00:01]} Rxe5 {[%emt 0:00:01]} 32. Kxd4 {[%emt 0:00:01]} Rxf5 {[%emt 0:00:00]} 33. b4 {[%emt 0:00:01]} Re8 {[%emt 0:00:01]} 34. Kc5 {[%emt 0:00:01]} Rc8+ {[%emt 0:00:00]} 35. Kb6 {[%emt 0:00:01]} Rc4 {[%emt 0:00:01] ' Âðåìÿ (Lag: Av=0.65s, max=1.0s)} 0-1

[Event "Stay Safe Play From Home 341"]
[Site "Emanuel Lasker Arena"]
[Date "2020.07.29"]
[Round "9"]
[White "Mepe_Nika"]
[Black "Lazieri3"]
[Result "1-0"]
[WhiteElo "2419"]
[BlackElo "2077"]
[Annotator "TA"]
[PlyCount "65"]
[EventDate "2020.07.29"]
[EventType "swiss (blitz)"]

{[%evp 9,65,17,16,22,125,118,153,-190,-201,-203,-186,-355,-177,-229,-220,-573,-573,-551,-543,-687,-664,-956,-671,-665,-653,-656,-640,-737,-658,-1054,-1026,-1135,-1123,-1479,-1272,-1263,-929,-6808,-1385,-1379,-1355,-1286,-1220,-1512,-1321,-1553,-1384,-2780,-2443,-5297,-5281,-29986,-29987,-29992,-29993,-29993,-29994,-29995]} 1. c4 c6 2. e4 d5 3. exd5 cxd5 4. cxd5 Nf6 5. Qa4+ Bd7 6. Qb3 {B10: Caro-Kann: 2 d3 and 2 c4.} g6 (6... Na6 $11 {remains equal.}) 7. Qxb7 $16 Qc8 {[#]} 8. Qxa8 $146 {Loses the game.} (8. Qxc8+ $16 {is forced if you want to stay better.} Bxc8 9. Nc3) ({Predecessor:} 8. Qxc8+ Bxc8 9. Nc3 Bb7 10. Bc4 Nbd7 11. Nf3 Nb6 12. Bb3 Bg7 13. O-O O-O 14. Re1 Nfxd5 {0-1 (51) Morgenstern,T (2357)-Hansch,K (2086) Playchess.com INT 2020}) 8... Qxc1+ $19 {[%mdl 64] Double Attack} 9. Ke2 {Strongly threatening Nc3.} Qc7 {[%mdl 1024] Black has strong compensation.} 10. Nc3 $2 (10. Ke1 Bh6 11. Na3) 10... Bg7 (10... Bh6 $142 11. Ke1 O-O) 11. Nf3 {[#]} (11. a4 $142 O-O 12. Ke1) 11... O-O $1 {...Na6 is the strong threat.} 12. Rc1 $2 (12. Ke1 {was the crucial defense.} Nc6 13. Qxf8+ Bxf8 14. dxc6 Bxc6 15. Bb5) 12... Na6 13. Qxf8+ Bxf8 14. g3 Nb4 {aiming for ...Bg4.} 15. a3 Nbxd5 16. Bg2 {If only White now had time for Nxd5....} Nxc3+ 17. Rxc3 Bb5+ 18. Kd1 Qd6 {White must now prevent ...Ne4.} 19. Kc1 Ne4 20. Rc8 Nxf2 21. Rg1 Nd3+ 22. Kb1 Kg7 23. Ne1 {[#]} Nxe1 (23... Qd4 $142 $1 24. Nxd3 Bxd3+ 25. Ka2 Qxg1 {[%mdl 64] Double Attack}) 24. Rxe1 Qxd2 {[%mdl 64] Double Attack} 25. Rg1 Bd3+ 26. Ka1 e5 27. Bd5 e4 28. Rc7 e3 29. Rxf7+ Kh6 {( -> ...e2)} 30. g4 e2 {Black mates.} 31. g5+ {[#]} Qxg5 $1 {[%mdl 576] Double Attack} 32. Re1 (32. Rxg5 e1=Q+) 32... Qd2 33. Rg1 {[%mdl 32768] Accuracy: White = 17%, Black = 65%. . Loss on time!?} 1-0

[Event "Stay Safe Play From Home 341"]
[Site "Emanuel Lasker Arena"]
[Date "2020.07.29"]
[Round "9"]
[White "AChessPlayer"]
[Black "M100"]
[Result "1-0"]
[WhiteElo "2405"]
[BlackElo "1837"]
[Annotator "NA"]
[PlyCount "109"]
[EventDate "2020.07.29"]
[EventType "swiss (blitz)"]

1. Nf3 {[%emt 0:00:00]} b6 {[%emt 0:00:01]} 2. g3 {[%emt 0:00:00]} Bb7 {[%emt 0:00:01]} 3. Bg2 {[%emt 0:00:00]} g5 {[%emt 0:00:01]} 4. d3 {[%emt 0:00:00]} g4 {[%emt 0:00:01]} 5. Nh4 {[%emt 0:00:00]} Bxg2 {[%emt 0:00:00]} 6. Nxg2 {[%emt 0:00:00]} Nf6 {[%emt 0:00:01]} 7. h3 {[%emt 0:00:01]} h5 {[%emt 0:00:01]} 8. hxg4 {[%emt 0:00:01]} Nxg4 {[%emt 0:00:01]} 9. e4 {[%emt 0:00:00]} Bg7 {[%emt 0:00:01]} 10. Nc3 {[%emt 0:00:00]} Nc6 {[%emt 0:00:02]} 11. Ne3 {[%emt 0:00:00]} Nd4 {[%emt 0:00:01]} 12. Nxg4 {[%emt 0:00:01]} hxg4 {[%emt 0:00:01]} 13. Rxh8+ {[%emt 0:00:01]} Bxh8 {[%emt 0:00:01]} 14. Qxg4 {[%emt 0:00:01]} d6 {[%emt 0:00:03]} 15. Kd1 {[%emt 0:00:09]} Ne6 {[%emt 0:00:02]} 16. Be3 {[%emt 0:00:01]} Nf8 {[%emt 0:00:02]} 17. Kd2 {[%emt 0:00:02]} Qd7 {[%emt 0:00:01]} 18. Qxd7+ {[%emt 0:00:02]} Nxd7 {[%emt 0:00:01]} 19. Rh1 {[%emt 0:00:00]} O-O-O {[%emt 0:00:01]} 20. f4 {[%emt 0:00:00]} Nf6 {[%emt 0:00:01]} 21. Ne2 {[%emt 0:00:02]} Ng4 {[%emt 0:00:01]} 22. c3 {[%emt 0:00:00]} Nxe3 {[%emt 0:00:02]} 23. Kxe3 {[%emt 0:00:00]} Bf6 {[%emt 0:00:01]} 24. Kf3 {[%emt 0:00:01]} e5 {[%emt 0:00:01]} 25. Rh7 {[%emt 0:00:01]} Rf8 {[%emt 0:00:02]} 26. g4 {[%emt 0:00:01]} exf4 {[%emt 0:00:01]} 27. Kxf4 {[%emt 0:00:00]} Be5+ {[%emt 0:00:01]} 28. Kf5 {[%emt 0:00:01]} Kd7 {[%emt 0:00:01]} 29. d4 {[%emt 0:00:01]} Bxd4 {[%emt 0:00:06]} 30. cxd4 {[%emt 0:00:01]} c5 {[%emt 0:00:00]} 31. d5 {[%emt 0:00:01]} Ke7 {[%emt 0:00:01]} 32. Nf4 {[%emt 0:00:01]} Rc8 {[%emt 0:00:02]} 33. Ng6+ {[%emt 0:00:01]} Ke8 {[%emt 0:00:01]} 34. Rh8+ {[%emt 0:00:01]} Kd7 {[%emt 0:00:01]} 35. Rxc8 {[%emt 0:00:02]} fxg6+ {[%emt 0:00:01]} 36. Kxg6 {[%emt 0:00:00]} Kxc8 {[%emt 0:00:00]} 37. Kf7 {[%emt 0:00:00]} b5 {[%emt 0:00:01]} 38. g5 {[%emt 0:00:00]} c4 {[%emt 0:00:02]} 39. g6 {[%emt 0:00:00]} b4 {[%emt 0:00:01]} 40. g7 {[%emt 0:00:00]} Kc7 {[%emt 0:00:01]} 41. g8=Q {[%emt 0:00:01]} c3 {[%emt 0:00:00]} 42. bxc3 {[%emt 0:00:00]} bxc3 {[%emt 0:00:01]} 43. Qg2 {[%emt 0:00:00]} Kb6 {[%emt 0:00:01]} 44. Qc2 {[%emt 0:00:00]} Kc5 {[%emt 0:00:00]} 45. Qxc3+ {[%emt 0:00:00]} Kb5 {[%emt 0:00:00]} 46. Qc6+ {[%emt 0:00:00]} Kb4 {[%emt 0:00:01]} 47. Qxd6+ {[%emt 0:00:00]} Kc3 {[%emt 0:00:02]} 48. e5 {[%emt 0:00:00]} Kd3 {[%emt 0:00:00]} 49. e6 {[%emt 0:00:00]} Ke4 {[%emt 0:00:00]} 50. e7 {[%emt 0:00:00]} Kf5 {[%emt 0:00:00]} 51. Qc6 {[%emt 0:00:00]} Ke4 {[%emt 0:00:00]} 52. d6+ {[%emt 0:00:00]} Kd3 {[%emt 0:00:00]} 53. d7 {[%emt 0:00:00]} Ke3 {[%emt 0:00:00]} 54. e8=Q+ {[%emt 0:00:00]} Kd2 {[%emt 0:00:01]} 55. d8=Q# {[%emt 0:00:00] (Lag: Av=0.52s, max=1.0s) Mate} 1-0

[Event "Stay Safe Play From Home 341"]
[Site "Emanuel Lasker Arena"]
[Date "2020.07.29"]
[Round "9"]
[White "SoulofWolf"]
[Black "Knightofficer"]
[Result "0-1"]
[WhiteElo "2079"]
[BlackElo "2204"]
[Annotator "TA"]
[PlyCount "76"]
[EventDate "2020.07.29"]
[EventType "swiss (blitz)"]

{[%evp 13,76,-11,35,6,12,12,18,14,118,2,48,-8,-11,-17,10,-18,-3,-21,-4,-3,-9,-22,53,-45,33,-60,10,-28,303,321,588,520,483,220,306,297,307,289,392,293,349,-564,-558,-725,-714,-691,-614,-1104,-1110,-1683,-1467,-2293,-2275,-29985,-29986,-29986,-29987,-29987,-29988,-29988,-29989,-29994,-29995,-29996,-29997]} 1. d4 Nf6 2. Nf3 e6 3. c4 b6 4. Nc3 Bb7 5. g3 Bb4 6. Bg2 O-O 7. O-O d6 8. Qb3 {E21: Nimzo-Indian: 4 Nf3.} Bxc3 9. Qxc3 {[#]} Ne4 $146 ({Predecessor:} 9... Nbd7 10. b4 Qc8 11. a4 a5 12. b5 Be4 13. Rd1 Qb7 14. Bh3 Rfe8 15. Nd2 Bg6 16. Bg2 Ne4 17. Qe3 d5 18. Nxe4 Bxe4 {½-½ (76) Tang,A (2487)-Jakovenko,D (2735) St Petersburg 2018}) 10. Qc2 {The position is equal.} Nd7 (10... Nf6 $1 $11) 11. h4 (11. Ng5 $1 $16 {[%cal Rg5e4]} d5 12. Nxe4 dxe4 13. Bxe4 Bxe4 14. Qxe4) 11... f5 12. Nd2 (12. Ng5 $14 Qe8 13. Nxe4 Bxe4 14. Bxe4 fxe4 15. Qxe4) 12... Ndf6 $11 13. Nxe4 Nxe4 14. Bf4 Qe7 15. Rad1 e5 16. dxe5 dxe5 17. Be3 Rad8 (17... c5 $11) 18. Qb3 (18. Rxd8 $14 Qxd8 19. Rd1) 18... c5 (18... Rxd1 $15 19. Rxd1 f4 20. gxf4 exf4 21. c5+ Kh8) 19. a4 ({White should try} 19. Rxd8 $14 Qxd8 20. Rd1) 19... Kh8 (19... f4 $15 20. Rxd8 Qxd8) 20. Qc2 Nd6 $2 {[%mdl 8192]} (20... Rd6 $11 {and Black is okay.}) 21. Bg5 $18 {[%mdl 64] [#] Skewer} Qc7 $2 (21... Qe6 22. Bxd8 Bxg2) 22. Bxd8 Rxd8 23. Qd2 (23. Bxb7 $142 Qxb7 24. Rd5) 23... Nf7 24. Qe3 Bxg2 25. Kxg2 Rd4 26. b3 Qd6 27. f3 $4 {[%mdl 8192] [#]} (27. Rxd4 $18 cxd4 28. Qf3) 27... Rxd1 $19 28. Rf2 Qd4 29. Qxd4 cxd4 {[%mdl 4096] Endgame KRN-KR} 30. f4 e4 31. Kh3 Rd2 32. g4 d3 33. gxf5 Rxe2 {Black mates.} 34. Rf1 d2 35. Rd1 e3 36. Kg3 Re1 37. Rxd2 exd2 38. Kg4 d1=Q+ {[%mdl 64] Double Attack. Accuracy: White = 29%, Black = 42%.} 0-1

[Event "Stay Safe Play From Home 341"]
[Site "Emanuel Lasker Arena"]
[Date "2020.07.29"]
[Round "9"]
[White "Mehdi1887"]
[Black "Weltszmerc"]
[Result "0-1"]
[WhiteElo "1489"]
[BlackElo "2205"]
[Annotator "NA"]
[PlyCount "64"]
[EventDate "2020.07.29"]
[EventType "swiss (blitz)"]

1. e4 {[%emt 0:00:02]} Nf6 {[%emt 0:00:00]} 2. d4 {[%emt 0:00:02]} Nxe4 {[%emt 0:00:01]} 3. Qe2 {[%emt 0:00:01]} d5 {[%emt 0:00:01]} 4. Nc3 {[%emt 0:00:01]} Nxc3 {[%emt 0:00:01]} 5. bxc3 {[%emt 0:00:01]} c6 {[%emt 0:00:00]} 6. Nf3 {[%emt 0:00:01]} Bg4 {[%emt 0:00:01]} 7. Qd3 {[%emt 0:00:01]} e6 {[%emt 0:00:01]} 8. Be2 {[%emt 0:00:01]} Be7 {[%emt 0:00:01]} 9. O-O {[%emt 0:00:01]} Nd7 {[%emt 0:00:01]} 10. Ne5 {[%emt 0:00:02]} Nxe5 {[%emt 0:00:03]} 11. dxe5 {[%emt 0:00:02]} Bf5 {[%emt 0:00:00]} 12. Qg3 {[%emt 0:00:04]} Kf8 {[%emt 0:00:01]} 13. Bd3 {[%emt 0:00:04]} Bxd3 {[%emt 0:00:02]} 14. cxd3 {[%emt 0:00:01]} c5 {[%emt 0:00:01]} 15. f4 {[%emt 0:00:01]} g6 {[%emt 0:00:02]} 16. f5 {[%emt 0:00:01]} gxf5 {[%emt 0:00:01]} 17. Bh6+ {[%emt 0:00:05]} Ke8 {[%emt 0:00:00]} 18. Qg7 {[%emt 0:00:01]} Kd7 {[%emt 0:00:02]} 19. Rab1 {[%emt 0:00:04]} b6 {[%emt 0:00:01]} 20. a4 {[%emt 0:00:02]} Qg8 {[%emt 0:00:01]} 21. Qxg8 {[%emt 0:00:03]} Rhxg8 {[%emt 0:00:01]} 22. a5 {[%emt 0:00:00]} Rab8 {[%emt 0:00:01]} 23. axb6 {[%emt 0:00:01]} axb6 {[%emt 0:00:00]} 24. Ra1 {[%emt 0:00:01]} Rb7 {[%emt 0:00:00]} 25. Rfb1 {[%emt 0:00:02]} Bg5 {[%emt 0:00:01]} 26. Bxg5 {[%emt 0:00:01]} Rxg5 {[%emt 0:00:00]} 27. Ra6 {[%emt 0:00:01]} Kc7 {[%emt 0:00:02]} 28. Ra8 {[%emt 0:00:02]} Rg4 {[%emt 0:00:04]} 29. Rf8 {[%emt 0:00:01]} Kc6 {[%emt 0:00:00]} 30. Rc8+ {[%emt 0:00:02]} Rc7 {[%emt 0:00:01]} 31. Rf8 {[%emt 0:00:01]} f4 {[%emt 0:00:03]} 32. Rb8 {[%emt 0:00:01]} Rb7 {[%emt 0:00:01] Zeit (Lag: Av=0.74s, max=0.9s)} 0-1